header

Everyday evaluation on the run (Record no. 131225)

MARC details
000 -LEADER
fixed length control field 01488nam a2200349 a 4500
100 1# - MAIN ENTRY--AUTHOR NAME
Personal name Wadsworth, Yoland.
245 10 - TITLE STATEMENT
Title Everyday evaluation on the run
250 ## - EDITION STATEMENT
Edition statement 3rd ed.
260 ## - PUBLICATION, DISTRIBUTION, ETC. (IMPRINT)
Place of publication Walnut Creek, Calif. :
Name of publisher Left Coast Press,
Year of publication 2011.
300 ## - PHYSICAL DESCRIPTION
Number of Pages xx, 215 p. :
Other physical details ill.
500 ## - GENERAL NOTE
General note Companion to author's: Do it yourself social research. 3r ed. 2011.
General note "The user-friendly introductory guide to effective evaluation" --Cover.
General note Originally published in Australia by Allen & Unwin, 2011.
650 #0 - SUBJECT ADDED ENTRY--TOPICAL TERM
Topical Term Evaluation research (Social action programs)
Topical Term Organizational effectiveness
700 1# - ADDED ENTRY--PERSONAL NAME
Personal name Wadsworth, Yoland.
856 40 - ELECTRONIC LOCATION AND ACCESS
Uniform Resource Identifier http://site.ebrary.com/lib/rucke/Doc?id=10500138

No items available.

© 2026 Rongo University
Contact us: librarian | system librarian | Rongo university